General SSC Napoli Quiz - Statistics

General Stats
  • This quiz has been taken 185 times
  • The average score is 8 of 13
Answer Stats
Question Answer % Correct
What year was SSC Napoli Founded? 1926
90%
Which shirt number is retired ? 10
86%
What does ssc stand for ? Società Sportiva Calcio
76%
When did Napoli win their first serie a title? 1987
75%
What is the name of Napoli’s president? Aurelio De Laurentiis
74%
Who are Napoli’s biggest rivals ? Roma
73%
Who is Napoli’s all time top goal scorer? Dries Mertens
71%
Who is Napoli’s record appearance maker? Marek Hamsik
70%
Who is Napoli’s record signing? Victor Osimhen
57%
What is the derby with their biggest rivals called ? Derby del Sole
56%
What year did Napoli first win the coppa Italia? 1962
41%
What is the name of Napoli’s stadium? Stadio San Paolo
39%
Who is Napoli’s most recent non Italian manager? Rafa Benitez
25%
No matching quizzes found
Score Distribution
Percent of People with Each Score
Percentile by Number Answered
Your Score History
You have not taken this quiz